Famous Japanese People by Picture - Statistics

General Stats
  • This quiz has been taken 132 times
  • The average score is 5 of 16
Answer Stats
Picture Hint Answer % Correct
1933– Yoko Ono
80%
1954–2022 Shinzo Abe
73%
1941– Hayao Miyazaki
54%
1910–1998 Akira Kurosawa
50%
1997– Osaka Naomi
47%
1973– Ichiro Suzuki
36%
1959– Ken Watanabe
32%
1994– Ohtani Shohei
30%
1949– Haruki Murakami
21%
1947– Takeshi Kitano
20%
1952– Shigeru Miyamoto
19%
1994– Yuzuru Hanyu
19%
1929–1989 Osamu Tezuka
18%
1952–2023 Ryuichi Sakamoto
15%
1960– Hiroyuki Sanada
12%
1963–2010 Satoshi Kon
8%
No matching quizzes found
Score Distribution
Percent of People with Each Score
Percentile by Number Answered
Your Score History
You have not taken this quiz